| 000 | 00801nam a2200205Ia 4500 | ||
|---|---|---|---|
| 999 |
_c53345 _d53345 |
||
| 003 | GCL | ||
| 005 | 20240530105125.0 | ||
| 008 | 140319s1985 ua 000 0 ara d | ||
| 040 |
_aGCL / _cGCL |
||
| 082 | 0 | 4 |
_a955/ _bو إ |
| 100 | 1 | _aولبر، دونالد | |
| 245 | 1 | 0 |
_aايران ماضيها وحاضرها / _cدونالد ولبر ؛ ترجمة عن الانجليزية عبدالنعيم محمد حسنين |
| 260 |
_aالقاهرة : _bدار الكتاب المصرى ، _c1985. |
||
| 300 |
_a275 ص. ؛ _c24 سم. |
||
| 651 | 0 | 7 |
_2qrmak _aايران _xتاريخ |
| 651 | 0 | 7 |
_2qrmak _aايران _xالاحوال السياسية |
| 651 | 0 | 7 |
_2qrmak _aايران _xالاحوال الاقتصادية |
| 700 | 0 |
_aعبدالنعيم محمد حسنين _eمترجم |
|
| 942 |
_2ddc _cBK |
||